The Anatomical Exercises of Dr. William Harvey (Record no. 505)

000 -LEADER
fixed length control field 00513nam a22001937a 4500
003 - CONTROL NUMBER IDENTIFIER
control field OSt
005 - DATE AND TIME OF LATEST TRANSACTION
control field 20210420065214.0
008 - FIXED-LENGTH DATA ELEMENTS--GENERAL INFORMATION
fixed length control field 201127s1987 ||||| |||| 00| 0 eng d
040 ## - CATALOGING SOURCE
Original cataloging agency eng
Language of cataloging DLC
Transcribing agency eng
041 ## - LANGUAGE CODE
Language code of text/sound track or separate title eng
080 ## - UNIVERSAL DECIMAL CLASSIFICATION NUMBER
Universal Decimal Classification number 611
Item number H-32
100 ## - MAIN ENTRY--PERSONAL NAME
9 (RLIN) 429
Personal name Harvey, William
245 ## - TITLE STATEMENT
Title The Anatomical Exercises of Dr. William Harvey
Statement of responsibility, etc. / by: Lederle Ex Libris
260 ## - PUBLICATION, DISTRIBUTION, ETC.
Place of publication, distribution, etc. Wayne
Name of publisher, distributor, etc. Lederle Ex Libris
Date of publication, distribution, etc. 1987
300 ## - PHYSICAL DESCRIPTION
Extent 111 p.
650 #0 - SUBJECT ADDED ENTRY--TOPICAL TERM
9 (RLIN) 68
Topical term or geographic name entry element Anatomy
653 ## - INDEX TERM--UNCONTROLLED
Uncontrolled term ანატომია
942 ## - ADDED ENTRY ELEMENTS (KOHA)
Source of classification or shelving scheme
Koha item type Books
Holdings
Withdrawn status Lost status Source of classification or shelving scheme Damaged status Not for loan Permanent location Current location Date acquired Inventory number Full call number Barcode Date last seen Price effective from Koha item type
          Ken Walker International University Ken Walker International University 11/27/2020 1344 611 H-32 1344 11/27/2020 11/27/2020 Books

Powered by Koha